Ski Resorts in California - Statistics

General Stats
  • This quiz has been taken 63 times
  • The average score is 10 of 27
Answer Stats
Region Answer % Correct
Central Sierra Mammoth Mountain
88%
Tahoe Squaw Valley
80%
Tahoe Heavenly
65%
Tahoe Kirkwood
63%
Tahoe Northstar California
60%
Tahoe Sierra-at-Tahoe
53%
Tahoe Alpine Meadows
45%
Central Sierra June Mountain
40%
Northern California Mount Shasta Ski Park
40%
Tahoe Donner Ski Ranch
38%
Tahoe Homewood
38%
Southern California Bear Mountain
35%
Tahoe Boreal
35%
Central Sierra Bear Valley
33%
Tahoe Sugar Bowl
33%
Central Sierra Dodge Ridge
28%
Southern California Mount Baldy
25%
Central Sierra Badger Pass
23%
Southern California Mountain High
23%
Southern California Snow Summit
23%
Central Sierra China Peak
20%
Southern California Snow Valley
20%
Tahoe Tahoe Donner
15%
Tahoe Granlibakken
13%
Tahoe Soda Springs
13%
South Sierra Alta Sierra
8%
Southern California Mount Waterman
8%
No matching quizzes found
Score Distribution
Percent of People with Each Score
Percentile by Number Answered
Your Score History
You have not taken this quiz